000 00619nam a2200229Ia 4500
003 OSt
005 20220928102339.0
006 a|||||r|||| 00| 0
007 ta
008 220927b |||||||| |||| 00| 0 eng d
024 _a57658
037 _cTextual
040 _aSDCL
_cSDCL
_beng
041 _2eng
_aeng
082 _aO152,3NMA,2, M4
100 _aMukhopadhyaya Ashutosh
_9397861
245 0 _aKoi ek doosra.
260 _aNew Delhi
_bNational Publishing House
_c1984
300 _a155p.
_ccm.
942 _hO152,3NMA,2, M4
_cTEXL
_2CC
999 _c713680
_d713680